Work in a changing industrial society :

Αποθηκεύτηκε σε:
Λεπτομέρειες βιβλιογραφικής εγγραφής
Συγγραφή απο Οργανισμό/Αρχή: OECD
Μορφή: Βιβλίο
Γλώσσα:Undetermined
Έκδοση: Paris Organization for economic co-operation and development 1975
Θέματα:
Ετικέτες: Προσθήκη ετικέτας
Δεν υπάρχουν, Καταχωρήστε ετικέτα πρώτοι!
Thư viện lưu trữ: Trung tâm Học liệu Trường Đại học Cần Thơ
LEADER 00499nam a2200181Ia 4500
001 CTU_80417
008 210402s9999 xx 000 0 und d
082 |a 303.4 
082 |b O.68 
110 |a OECD 
245 0 |a Work in a changing industrial society : 
245 0 |c OECD 
260 |a Paris 
260 |b Organization for economic co-operation and development 
260 |c 1975 
650 |a Social change 
904 |i Trọng Hải 
980 |a Trung tâm Học liệu Trường Đại học Cần Thơ